000 00625nam a2200205 a 4500
005 20210223125420.0
008 040812m19541996mx r 000 0 spa d
020 _a9681600681
035 _aUPN01000134271
049 _aCG
050 4 _aDC125
_bV6.7
100 0 _aVoltaire,
_d1694-1778
245 1 3 _aEl siglo de Luis XIV /
_cVoltaire ; tr. Nélida Orfila Reynal.
260 _aMéxico :
_bFCE,
_c1954 (1996 impr.).
300 _a637 p.
440 0 _aSección de obras de historia
534 _pTraducción de:
_tLe siècle de Louis XIV
651 4 _aFRANCIA -
_xHISTORIA -
_yLUIS XIV, 1643-1715
_916149
905 _aLibro
999 _c106422
_d106422